000 00562nam a2200169 4500
999 _c13820
_d13820
020 _a9789710099825
082 _aFil. 248.4 B8754i 2025
100 _aBurke, Vince
245 _aI stink, I think /
_cwritten by Vincent Burke ; illustrated by Aldy Aguirre
260 _aMetro Manila
_bOMF Literature Inc.
_cc2025
300 _a31 pages :
_bchiefly colored illustrations ;
_c22.5 x 17 cm
526 _a200-299
650 _aChristian life -- Juvenile literature
650 _aChildren's stories, Philippine (English)
650 _aCleanliness
942 _2ddc
_cBK